000 00516nam a22001577a 4500
008 151104b xxu||||| |||| 00| 0 eng d
050 _aDS107.5C987
100 _aRossi, Bernardo (ed.)
_921030
245 _aThe Custody of the holy land
260 _aJerusalem
_bCustody of the Holy Land Editions
_c1981
300 _a157p. ;
_c21cm.
650 _aFranciscan
_xPalestine
_920976
650 _aChristian church
_xPalestine
_920977
650 _aPalestine
_xDescription and travel
_920978
942 _2lcc
_cMONOGRAPH
999 _c123752
_d123752